Advances in protein chemistry: T8

Kaydedildi:
Detaylı Bibliyografya
Materyal Türü: Kitap
Dil:Undetermined
Baskı/Yayın Bilgisi: New York Academic 1953
Konular:
Etiketler: Etiketle
Etiket eklenmemiş, İlk siz ekleyin!
Thư viện lưu trữ: Trung tâm Học liệu Trường Đại học Cần Thơ
LEADER 00428nam a2200157Ia 4500
001 CTU_19269
008 210402s9999 xx 000 0 und d
082 |a 547.75 
082 |b A244/T8 
245 0 |a Advances in protein chemistry: T8 
260 |a New York 
260 |b Academic 
260 |c 1953 
650 |a proteins 
904 |i Nguyễn Quang Điền, 960601 
980 |a Trung tâm Học liệu Trường Đại học Cần Thơ